000 00945nam a2200265Ia 4500
003 OSt
005 20221005105256.0
006 a|||||r|||| 00| 0
007 ta
008 221004b |||||||| |||| 00| 0 hin d
020 _a8170162300 (hbk)
_c125
024 _a122129
037 _b13338, 23/07/2012, Kitab Ghar
_cTextual
040 _aCRL
_cCRL
_bhin
041 _2hin
_ahin
082 _aQ8441:33wI69, 152Q1
100 _aआर्य, जगत राम
245 0 _aदिव्य पुरूड्ढ
_b गुरू नानक देव
246 _aDivya purūḍḍha: gurū nānak deva
260 _aनई दिल्ली
_bकिताबघर भारत
_c2011
300 _a136पृ0
_ccm.
650 _aधर्मशास्त्र
942 _hQ8441:33wI69, 152Q1
_cTEXL
_2cc
999 _c1015343
_d1015343